000 00855nmm a2200265 a 4500
001 ocm0002145956
003 TR-IsHL
005 20201028181657.0
008 190106s2016 tu tur
007 cr cn
020 _a9786059801379
035 _a2145956
_b(N$T)
050 0 4 _aPL248.K373
_bS47 2016
090 0 4 _aPL248.K373
_bS47 2016
100 1 _aKaradeniz, Şenol
245 1 0 _aSenden gitmeme çeyrek var
_h[electronic resource] /
_cŞenol Karadeniz
260 _aAnkara :
_bPhoneix Yayınevi,
_c2016
300 _a119 p.
650 4 _aDil ve Edebiyat
650 4 _aLanguage and Literature
650 0 _aKısa öyküler, Türk
650 0 _aShort stories, Turkish
650 7 _aLITERARY COLLECTIONS / Middle Eastern
_2bisacsh
856 4 0 _uhttp://search.ebscohost.com/login.aspx?direct=true&scope=site&db=e011xww&AN=2145956
999 _c19713
_d19713